[Répertoire de thérapeutique dosimétrique bassée sur la physiologie et l'experimentation clinique / (Record no. 38288)

MARC details
000 -LEADER
campo de control de longitud fija 00754nam a2200193 i 4500
001 - NÚMERO DE CONTROL
campo de control 38288
003 - IDENTIFICADOR DE NÚMERO DE CONTROL
campo de control ES-MaACL
005 - FECHA Y HORA DE LA ÚLTIMA TRANSACCIÓN
campo de control 20250806013500.0
007 - CAMPO FIJO DE DESCRIPCIÓN FÍSICA--INFORMACIÓN GENERAL
campo de control de longitud fija t|
008 - DATOS DE LONGITUD FIJA--INFORMACIÓN GENERAL
campo de control de longitud fija 030225s1877 fr ||||1| fre d
100 1# - ENTRADA PRINCIPAL--NOMBRE DE PERSONA
Nombre de persona Burggraeve, Adolphe.
9 (RLIN) 32635
245 10 - MENCIÓN DEL TÍTULO
Título [Répertoire de thérapeutique dosimétrique bassée sur la physiologie et l'experimentation clinique /
Mención de responsabilidad, etc. Burggraeve].
260 ## - PUBLICACIÓN, DISTRIBUCIÓN, ETC.
Lugar de publicación, distribución, etc. [S.l. :
Nombre del editor, distribuidor, etc. s.n.,
Fecha de publicación, distribución, etc. 1877?]
300 ## - DESCRIPCIÓN FÍSICA
Extensión P. [481-496] ;
Dimensiones 25 cm.
594 ## - Nota al título y mención de responsabilidad
Nota al título y mención de responsabilidad Datos tomados del principio del texto.
650 #7 - PUNTO DE ACCESO ADICIONAL DE MATERIA--TÉRMINO DE MATERIA
Término de materia o nombre geográfico como elemento de entrada Medicina dosimétrica
Fuente del encabezamiento o término embne
9 (RLIN) 136480
852 ## - LOCALIZACIÓN
Ubicación ES-MaACL
Número de control de estantería T-384-F-17
condición física .- Ejemplar sin portada
Nota libre .- Anotación manuscrita: "A la biblioteca de los Escolares Médicos", el socio Gustavo Saenz Diez
Holdings
Estatus retirado Estado de pérdida Estado de daño No para préstamo Colección Biblioteca de origen Biblioteca actual Ubicación en estantería Fecha de adquisición Fuente de adquisición Total de préstamos Signatura topográfica completa Código de barras Visto por última vez Precio de reemplazo Tipo de ítem Koha
        Colección de folletos Biblioteca del Ateneo de Madrid Biblioteca del Ateneo de Madrid Depósito folletos 17/01/2008     T-384-F-17 1040306 23/02/2023 23/02/2023 Folleto